ARRUPE JESUIT UNIVERSITY

CORONAVIRUS -STOP THE SPREAD - CLEAN,DISINFECT,COVER

Caring for the earth : (Record no. 126394)

MARC details
000 -LEADER
fixed length control field 01424cam a2200361 a 4500
001 - CONTROL NUMBER
control field 2041538
003 - CONTROL NUMBER IDENTIFIER
control field ARRUPE
005 - DATE AND TIME OF LATEST TRANSACTION
control field 20170411101419.0
008 - FIXED-LENGTH DATA ELEMENTS--GENERAL INFORMATION
fixed length control field 920724s1991 sz b i000 0 eng
010 ## - LIBRARY OF CONGRESS CONTROL NUMBER
LC control number 92190579
020 ## - INTERNATIONAL STANDARD BOOK NUMBER
International Standard Book Number 2831700744
040 ## - CATALOGING SOURCE
Original cataloging agency DLC
Transcribing agency DLC
Modifying agency DLC
050 00 - LIBRARY OF CONGRESS CALL NUMBER
Classification number GF41
Item number .C36 1991
051 ## - LIBRARY OF CONGRESS COPY, ISSUE, OFFPRINT STATEMENT
Classification number GF41
Item number .C36 1991 Summary
082 00 - DEWEY DECIMAL CLASSIFICATION NUMBER
Classification number 304.2
Edition number 20
300 ## - PHYSICAL DESCRIPTION
Dimensions 27 cm.
100 ## - MAIN ENTRY--PERSONAL NAME
Personal name International Union for Conservation of Nature and Natural Resources
9 (RLIN) 29785
245 00 - TITLE STATEMENT
Title Caring for the earth :
Statement of responsibility, etc International Union for Conservation of Nature and Natural Resources
Remainder of title a strategy for sustainable living.
260 ## - PUBLICATION, DISTRIBUTION, ETC. (IMPRINT)
Place of publication, distribution, etc Gland, Switzerland :
Name of publisher, distributor, etc IUCN--the World Conservation Union :
-- United Nations Environment Programme :
-- World Wide Fund for Nature,
Date of publication, distribution, etc c1991.
300 ## - PHYSICAL DESCRIPTION
Extent iv, 228 p. ;
500 ## - GENERAL NOTE
General note Accompanied by: Summary. 24 p. ; 27 cm.
504 ## - BIBLIOGRAPHY, ETC. NOTE
Bibliography, etc Includes bibliographical references (p. 213-222).
650 #0 - SUBJECT ADDED ENTRY--TOPICAL TERM
Topical term or geographic name as entry element Human ecology.
9 (RLIN) 16936
650 #0 - SUBJECT ADDED ENTRY--TOPICAL TERM
Topical term or geographic name as entry element Sustainable development.
9 (RLIN) 4997
650 #0 - SUBJECT ADDED ENTRY--TOPICAL TERM
Topical term or geographic name as entry element Nature conservation.
9 (RLIN) 29786
650 #0 - SUBJECT ADDED ENTRY--TOPICAL TERM
Topical term or geographic name as entry element Sustainable living.
9 (RLIN) 29787
710 2# - ADDED ENTRY--CORPORATE NAME
Corporate name or jurisdiction name as entry element International Union for Conservation of Nature and Natural Resources.
9 (RLIN) 29785
710 2# - ADDED ENTRY--CORPORATE NAME
Corporate name or jurisdiction name as entry element United Nations Environment Programme.
9 (RLIN) 28323
710 2# - ADDED ENTRY--CORPORATE NAME
Corporate name or jurisdiction name as entry element World Wide Fund for Nature.
9 (RLIN) 29788
906 ## - LOCAL DATA ELEMENT F, LDF (RLIN)
a 7
b cbc
c orignew
d 2
e ncip
f 19
g y-gencatlg
942 ## - ADDED ENTRY ELEMENTS (KOHA)
Source of classification or shelving scheme Library of Congress Classification
Koha item type Monograph ( Printed materials)
Holdings
Withdrawn status Lost status Source of classification or shelving scheme Damaged status Not for loan Collection code Home library Current library Shelving location Date acquired Total Checkouts Full call number Barcode Date last seen Price effective from Koha item type
    Library of Congress Classification     Main Collection ARRUPE LIBRARY ARRUPE LIBRARY Main Collection 11/04/2017   GF41 .C36 1991 46500025516 09/04/2018 11/04/2017 Monograph ( Printed materials)

 

Arrupe Library. PO Box MP320 Mt Pleasant, Harare, Zimbabwe
263 242 745411|librarian@aju.ac.zw